00996nam a2200265 a 450000100060000000300080000600500170001400800410003102000150007203500190008704000320010604100080013808200290014624501280017526000530030330000260035650400270038265000390040970000290044870000300047783000460050794200120055399900170056595201480058269279BD-RjUL20211209081852.0740723s1974 nyu b 001 0 eng  a0379005131 a(BD-RjUL)69490 aDLCcDLCdDLCdBD-RjULbeng aeng00223a917.306957bKOR 197414aThe Koreans in America, 1882-1974 :ba chronology & fact book /ccompiled and edited by Hyung-chan Kim and Wayne Patterson. aDobbs Ferry, N.Y. :bOceana Publications,c1974. avii, 147 p. ;c24 cm. aBibliography and index 0aKorean AmericansxHistory.92052571 aKim, Hyung-chan 92052581 aPatterson, Wayne 9205258 aEthnic chronology series,vno. 169205765 2ddccBK c69279d69279 00102ddc40718NFICaRUCLbRUCLcReadingd1989-06-24eAsia Foundationg0.00l0o917.306957 KOR 1974r2017-04-10 00:00:00tC-1w2021-12-09yBK